Inorganic Chemistry for JEE (ADVANCED): (Record no. 184363)

MARC details
000 -LEADER
fixed length control field 00586nam a22001937a 4500
005 - DATE AND TIME OF LATEST TRANSACTION
control field 20220119120523.0
010 ## - LCCN (DPL NO)
LC control number ENG-131234
020 ## - INTERNATIONAL STANDARD BOOK NUMBER
International Standard Book Number 978-93-90555-10-9
Terms of availability 829.00
035 ## - SYSTEM CONTROL NUMBER
System control number EN-114766
037 ## - SOURCE OF ACQUISITION
Source of stock number/acquisition DBAD
082 ## - DEWEY DECIMAL CLASSIFICATION NUMBER
Classification number 546
100 ## - MAIN ENTRY--PERSONAL NAME
Personal name Verma, K.S.
245 ## - TITLE STATEMENT
Title Inorganic Chemistry for JEE (ADVANCED):
Statement of responsibility, etc K.S. Verma
250 ## - EDITION STATEMENT
Edition statement 3rd Edition
260 ## - PUBLICATION, DISTRIBUTION, ETC. (IMPRINT)
Place of publication, distribution, etc Delhi
Name of publisher, distributor, etc Cengage Learning India Pvt. Ltd
Date of publication, distribution, etc 2021
270 ## - ADDRESS
City Delhi
Address T-303, 3rd Floor, DAV Complex, Plot 3 Mayur Vihar, Phase 1
Postal code 110091
300 ## - PHYSICAL DESCRIPTION
Extent 1024p.
Dimensions 28cm(pbk)
942 ## - ADDED ENTRY ELEMENTS (KOHA)
Source of classification or shelving scheme Dewey Decimal Classification
Item type English Books
Classification part 546
Call number suffix VER
Holdings
Withdrawn status Lost status Materials specified (bound volume or other part) Not for loan Collection code Home library Current library Date acquired Source of acquisition Cost, normal purchase price Full call number Barcode Copy number Cost, replacement price Koha item type
    Part - 2   Non-fiction Patel Nagar Patel Nagar 19/01/2022 DBAD/PUB 829.00 546 VER EN-114766 1 829.00 English Books

© Delhi Public Library
Hit Counter
free hit counter